Erfolgreichste Filme der 90er nach Hauptschurken - Statistiken

Allgemein
  • Dieses Quiz wurde 152 mal gespielt
  • Das Durchschnittsergebnis liegt bei 9 aus 20
Antwortstatistiken
Bildquiz Hint Antwort % Korrekt
Jeremy Irons Der König der Löwen
99%
Jonathan Freeman Aladdin
85%
Joe Pesci, Daniel Stern Kevin – Allein zu Haus
85%
Ian McDiarmid Star Wars: Episode I – Die dunkle Bedrohung
74%
Brian Blessed Tarzan
65%
Billy Zane Titanic
64%
Ralph Fiennes Schindlers Liste
63%
Wayne Knight Jurassic Park
54%
Arliss Howard Vergessene Welt: Jurassic Park
54%
Richard White Die Schöne und das Biest
53%
Vincent D'Onofrio Men in Black
44%
Sean Bean James Bond 007 – GoldenEye
35%
Alan Rickman Robin Hood – König der Diebe
35%
Sophie Marceau James Bond 007 – Die Welt ist nicht genug
34%
Wes Studi (Anführer) Der mit dem Wolf tanzt
29%
Kevin Mangan Forrest Gump
19%
Frank Welker (Soundeffekte) Independence Day
13%
Kyle MacLachlan Flintstones – Die Familie Feuerstein
11%
Tomas Arana Bodyguard
4%
Harvey Keitel Sister Act – Eine himmlische Karriere
2%
Keine übereinstimmenden Quizze gefunden
Verteilung der Resultate
Anzahl Personen mit jedem Resultat
Perzentil nach korrekt beantworteten Fragen
Ihre Resultats-Entwicklung
Sie haben dieses Quiz noch nicht gespielt